000 00900pam a2200277 a 4500
999 _c1964
_d1964
001 4505123
003 OSt
005 20191118144612.0
008 980408s1999 maua b 001 0 eng
010 _a 98007273
020 _a0205288057
040 _aDLC
_cDLC
_dDLC
050 0 0 _aLB1033
_b.C64 1999
082 0 0 _a371 FAR 1980
_221
100 1 _aCooper, Pamela J.; Simonds, Cheri.
_95160
245 1 0 _aCommunication for the Classroom Teacher
250 _a6th ed.
260 _aBoston :
_bAllyn and Bacon,
_cc1999.
300 _axiv, 334 p. :
_bill. ;
_c24 cm.
504 _aIncludes bibliographical references (p. 303-323) and index.
650 0 _aClass management
_95161
650 0 _aSchool teacher
_913058
906 _a7
_bcbc
_corignew
_d1
_eocip
_f19
_gy-gencatlg
942 _2z
_cSLOAN